शिवतेजाची शलाका (Record no. 370180)
[ view plain ]
| 000 -LEADER | |
|---|---|
| fixed length control field | 01041 a2200157 4500 |
| 003 - CONTROL NUMBER IDENTIFIER | |
| control field | OSt |
| 005 - DATE AND TIME OF LATEST TRANSACTION | |
| control field | 20260204154800.0 |
| 008 - FIXED-LENGTH DATA ELEMENTS--GENERAL INFORMATION | |
| fixed length control field | 260204b |||||||| |||| 00| 0 eng d |
| 020 ## - INTERNATIONAL STANDARD BOOK NUMBER | |
| International Standard Book Number | 9788196788735 |
| 100 ## - MAIN ENTRY--PERSONAL NAME | |
| Personal name | पुरंदरे एस |
| 9 (RLIN) | 216607 |
| 245 ## - TITLE STATEMENT | |
| Title | शिवतेजाची शलाका |
| 260 ## - PUBLICATION, DISTRIBUTION, ETC. (IMPRINT) | |
| Name of publisher, distributor, etc. | भारतीय विचार साधना प्रकाशन |
| Date of publication, distribution, etc. | 2023 |
| Place of publication, distribution, etc. | पुणे |
| 300 ## - PHYSICAL DESCRIPTION | |
| Extent | 39pp. |
| 520 ## - SUMMARY, ETC. | |
| Summary, etc. | छत्रपती शिवाजी महाराजांनी रायरेश्वराच्या चरणी नतमस्तक होताना घेतलेला संकल्प म्हणजे स्वराज्य!! हे राज्य येथील जनता ही समृध्द व्हावी, संपन्न व्हावी, परकीय राजवटीतून मुक्ती मिळून खरे स्वराज्य अस्तित्वात आले. ६ जून |
| 942 ## - ADDED ENTRY ELEMENTS (KOHA) | |
| Koha item type | Books |
| Source of classification or shelving scheme | Dewey Decimal Classification |
| Withdrawn status | Lost status | Source of classification or shelving scheme | Damaged status | Not for loan | Collection code | Home library | Current library | Date acquired | Vendor | Cost, normal purchase price | Total Checkouts | Barcode | Date last seen | Cost, replacement price | Bill Date | Koha item type | Original Barcode |
|---|---|---|---|---|---|---|---|---|---|---|---|---|---|---|---|---|---|
| Dewey Decimal Classification | MCA | MKSSS s K.B. Joshi Institute of Information Technology Library | MKSSS s K.B. Joshi Institute of Information Technology Library | 03/02/2026 | 188 | 70.00 | KBJP-BK-2995 | 03/02/2026 | 100.00 | 03/02/2026 | Books | 2995 |